| 000 | 00568nam a2200217 a 4500 | ||
|---|---|---|---|
| 005 | 20210219153151.0 | ||
| 008 | 991125n 000 0 eng u | ||
| 035 | _aUPN01000081413 | ||
| 100 | _aMathur, Vijay K. | ||
| 222 | _aJOURNAL OF ECONOMIC EDUCATION | ||
| 245 | _aHow well do we know Pareto optimality? | ||
| 300 | _a172-178 | ||
| 362 | _a1991 22, no. 2 | ||
| 653 | 0 | _aCONTENIDO DE LOS LIBROS DE TEXTO | |
| 653 | 0 | _aECONOMIA | |
| 653 | 0 | _aEFICIENCIA | |
| 653 | 0 | _aIMPACTO ECONOMICO | |
| 653 | 0 | _aMODELOS | |
| 904 |
_aAC _b019224 |
||
| 905 | _aArticulo | ||
| 999 |
_c69974 _d69974 |
||